[Event "Belgrade-chT Quality"]
[Site "Belgrade"]
[Date "2019.10.26"]
[Round "7.1"]
[White "Markovic, Misa"]
[Black "Hrzic, Ivan"]
[Result "1/2-1/2"]
[WhiteElo "2171"]
[BlackElo "2288"]
[PlyCount "21"]
[EventDate "2019.10.05"]
[EventType "team-tourn"]
[EventRounds "11"]
[EventCountry "SRB"]
[SourceTitle "EXT 2022"]
[Source "ChessBase"]
[SourceDate "2021.10.06"]
[SourceVersion "1"]
[SourceVersionDate "2021.10.06"]
[SourceQuality "1"]
[WhiteTeam "Cukaricki"]
[BlackTeam "Polet"]
[WhiteTeamCountry "SRB"]
[BlackTeamCountry "SRB"]

1. e4 e5 2. Nf3 Nf6 3. Nc3 Nc6 4. Bc4 Be7 5. d3 0-0 6. 0-0 d6 7. h3 Be6 8. Nd5 Na5 9. Nxe7+ Qxe7 10. Bxe6 fxe6 11. Bg5 1/2-1/2

[Event "Belgrade-chT Quality"]
[Site "Belgrade"]
[Date "2018.09.26"]
[Round "9.1"]
[White "Abramovic, Bosko"]
[Black "Markovic, Misa"]
[Result "1-0"]
[WhiteElo "2377"]
[BlackElo "2208"]
[PlyCount "45"]
[EventDate "2018.09.17"]
[EventType "team-tourn"]
[EventRounds "11"]
[EventCountry "SRB"]
[SourceTitle "CBM 186 Extra"]
[Source "ChessBase"]
[SourceDate "2018.08.24"]
[SourceVersion "1"]
[SourceVersionDate "2018.08.24"]
[SourceQuality "1"]
[WhiteTeam "Crvena Zvezda"]
[BlackTeam "Cukaricki"]
[WhiteTeamCountry "SRB"]
[BlackTeamCountry "SRB"]

1. d4 d5 2. Nf3 e6 3. g3 Nf6 4. Bg2 Be7 5. 0-0 b6 6. c4 Bb7 7. Ne5 0-0 8. Nc3 Ne4 9. Qc2 f6 10. Nd3 Nxc3 11. bxc3 c6 12. cxd5 cxd5 13. e4 Qd7 14. Re1 dxe4 15. Bxe4 Bxe4 16. Rxe4 Bd6 17. Qe2 Re8 18. Bf4 Nc6 19. Re1 Nd8 20. c4 f5 21. Re3 Rc8 22. d5 Rxc4 23. Ne5 1-0

[Event "Belgrade-chT"]
[Site "Belgrade"]
[Date "2018.05.11"]
[Round "5"]
[White "Kosmac, Nikola"]
[Black "Markovic, Misa"]
[Result "0-1"]
[WhiteElo "2038"]
[BlackElo "2215"]
[PlyCount "74"]
[EventDate "2018.05.07"]
[EventType "team-swiss"]
[EventRounds "5"]
[EventCountry "SRB"]
[SourceTitle "CBM 184 Extra"]
[Source "ChessBase"]
[SourceDate "2018.06.28"]
[SourceVersion "1"]
[SourceVersionDate "2018.06.28"]
[SourceQuality "1"]
[WhiteTeam "Belgrade 15 April"]
[BlackTeam "Belgrade Cukaricki"]
[WhiteTeamCountry "SRB"]
[BlackTeamCountry "SRB"]

1. Nf3 Nf6 2. c4 d6 3. g3 Be6 4. b3 Qc8 5. Bb2 Bh3 6. Bxh3 Qxh3 7. Nc3 c6 8. Qc2 Nbd7 9. 0-0-0 g6 10. Ne4 Bg7 11. Neg5 Qf5 12. Qxf5 gxf5 13. d3 0-0 14. Kc2 a5 15. Nh4 e6 16. f3 a4 17. b4 b5 18. Kb1 c5 19. bxc5 dxc5 20. e4 a3 21. Ba1 h6 22. Nh3 bxc4 23. e5 Nd5 24. dxc4 N5b6 25. f4 Ra7 26. Nf2 Nxc4 27. Rd3 Rb8+ 28. Kc2 f6 29. Rhd1 Rbb7 30. Rc3 Nb2 31. Rd6 fxe5 32. Rxe6 Nf8 33. Rc6 exf4 34. Rb3 Rxb3 35. Kxb3 c4+ 36. Kc2 fxg3 37. hxg3 Re7 0-1

[Event "Belgrade-chT"]
[Site "Belgrade"]
[Date "2018.05.10"]
[Round "4"]
[White "Markovic, Misa"]
[Black "Andrejevic, Miladin"]
[Result "1-0"]
[WhiteElo "2215"]
[BlackElo "1630"]
[PlyCount "39"]
[EventDate "2018.05.07"]
[EventType "team-swiss"]
[EventRounds "5"]
[EventCountry "SRB"]
[SourceTitle "CBM 184 Extra"]
[Source "ChessBase"]
[SourceDate "2018.06.28"]
[SourceVersion "1"]
[SourceVersionDate "2018.06.28"]
[SourceQuality "1"]
[WhiteTeam "Belgrade Cukaricki"]
[BlackTeam "Belgrade Pogledi II"]
[WhiteTeamCountry "SRB"]
[BlackTeamCountry "SRB"]

1. e4 c5 2. Nf3 d6 3. d4 cxd4 4. Nxd4 Nf6 5. Nc3 a6 6. Nb3 Be6 7. Be2 g6 8. Be3 Bg7 9. Qd2 Nbd7 10. Bh6 0-0 11. h4 b5 12. f3 Nh5 13. g4 Ng3 14. Bxg7 Kxg7 15. Rh3 Nxe2 16. Nxe2 f6 17. Nbd4 Bf7 18. h5 e5 19. hxg6 hxg6 20. Qh6+ 1-0

[Event "Belgrade-chT Premier"]
[Site "Belgrade"]
[Date "2017.09.25"]
[Round "7.4"]
[White "Popovic, Aleksandar M"]
[Black "Markovic, Misa"]
[Result "1-0"]
[WhiteElo "2255"]
[BlackElo "2269"]
[PlyCount "43"]
[EventDate "2017.09.18"]
[EventType "team"]
[EventRounds "9"]
[EventCountry "SRB"]
[SourceTitle "EXT 2018"]
[Source "ChessBase"]
[SourceDate "2017.10.13"]
[SourceVersion "1"]
[SourceVersionDate "2017.10.13"]
[SourceQuality "1"]
[WhiteTeam "Belgrade PTT"]
[BlackTeam "Cukaricki"]
[WhiteTeamCountry "SRB"]
[BlackTeamCountry "SRB"]

1. Nf3 b6 2. e4 Bb7 3. Nc3 e6 4. d4 Bb4 5. Bd3 Nf6 6. e5 Ne4 7. 0-0 Nxc3 8. bxc3 Bxc3 9. Rb1 Nc6 10. Be4 d5 11. exd6 cxd6 12. d5 Ne5 13. Rb3 Qc7 14. Nd4 Bxd4 15. Qxd4 Qc5 16. Qa4+ Ke7 17. Ba3 Qc4 18. Rb4 Qa6 19. Qb3 Bxd5 20. Bxd5 exd5 21. Re1 Kf6 22. Rf4+ 1-0

[Event "Gligoric Cup 4th"]
[Site "Novi Banovci"]
[Date "2017.05.28"]
[Round "5.7"]
[White "Petrusic, Velimir"]
[Black "Markovic, Misa"]
[Result "1-0"]
[WhiteElo "2150"]
[BlackElo "2297"]
[PlyCount "51"]
[EventDate "2017.05.25"]
[EventType "team-swiss"]
[EventRounds "5"]
[EventCountry "SRB"]
[SourceTitle "CBM 178 Extra"]
[Source "ChessBase"]
[SourceDate "2017.06.22"]
[SourceVersion "1"]
[SourceVersionDate "2017.06.22"]
[SourceQuality "1"]
[WhiteTeam "Indija Sloga"]
[BlackTeam "Belgrade Cukaricki"]
[WhiteTeamCountry "SRB"]
[BlackTeamCountry "SRB"]

1. d4 Nf6 2. Nf3 g6 3. Bg5 Bg7 4. Nbd2 d5 5. e3 Ne4 6. Nxe4 dxe4 7. Nd2 h6 8. Bf4 g5 9. Bg3 Bf5 10. f3 exf3 11. Qxf3 Qc8 12. Bc4 Bg6 13. h4 g4 14. Qf4 h5 15. 0-0 e6 16. Ne4 Nd7 17. Ng5 0-0 18. Qf2 c5 19. Bd6 cxd4 20. Bxf8 Bxf8 21. Bb3 dxe3 22. Qf4 Qc5 23. Nxf7 e2+ 24. Rf2 Re8 25. Re1 Qf5 26. Nh6+ 1-0

[Event "Gligoric Cup 4th"]
[Site "Novi Banovci"]
[Date "2017.05.27"]
[Round "3.7"]
[White "Markovic, Misa"]
[Black "Jandric, Damjan"]
[Result "0-1"]
[WhiteElo "2297"]
[BlackElo "2133"]
[PlyCount "100"]
[EventDate "2017.05.25"]
[EventType "team-swiss"]
[EventRounds "5"]
[EventCountry "SRB"]
[SourceTitle "CBM 178 Extra"]
[Source "ChessBase"]
[SourceDate "2017.06.22"]
[SourceVersion "1"]
[SourceVersionDate "2017.06.22"]
[SourceQuality "1"]
[WhiteTeam "Belgrade Cukaricki"]
[BlackTeam "Belgrade Napredak"]
[WhiteTeamCountry "SRB"]
[BlackTeamCountry "SRB"]

1. e4 c5 2. Nf3 d6 3. d4 cxd4 4. Nxd4 Nf6 5. f3 a6 6. c4 e5 7. Nc2 Be7 8. Be2 0-0 9. 0-0 Be6 10. b3 b5 11. cxb5 axb5 12. Nc3 b4 13. Nd5 Bxd5 14. exd5 Nbd7 15. Kh1 Qa5 16. Ne3 Nb6 17. Nc4 Nxc4 18. bxc4 Nd7 19. Bd2 Qa3 20. Qb3 Rfb8 21. Rfb1 e4 22. Qxa3 bxa3 23. Rb4 Rxb4 24. Bxb4 exf3 25. gxf3 Nc5 26. Bf1 Bf6 27. Re1 Kf8 28. Re3 Bd4 29. Rxa3 Rb8 30. Bc3 Bxc3 31. Rxc3 Rb2 32. a3 Ke7 33. Re3+ Kf6 34. Kg1 Ra2 35. Be2 Nd7 36. Kf2 Ne5 37. Kg3 Rc2 38. Re4 Ra2 39. Re3 Rc2 40. Bd1 Rxc4 41. a4 Rc5 42. Bb3 Nd7 43. Kf4 Nb6 44. Rd3 Nxa4 45. Rd2 Rb5 46. Bc2 Nc3 47. Bxh7 g6 48. Rd3 Na4 49. Rd4 Nb6 50. h4 Kg7 0-1

[Event "Gligoric Cup 4th"]
[Site "Novi Banovci"]
[Date "2017.05.26"]
[Round "2.6"]
[White "Kovacevic, Sinisa"]
[Black "Markovic, Misa"]
[Result "0-1"]
[WhiteElo "2221"]
[BlackElo "2297"]
[PlyCount "64"]
[EventDate "2017.05.25"]
[EventType "team-swiss"]
[EventRounds "5"]
[EventCountry "SRB"]
[SourceTitle "CBM 178 Extra"]
[Source "ChessBase"]
[SourceDate "2017.06.22"]
[SourceVersion "1"]
[SourceVersionDate "2017.06.22"]
[SourceQuality "1"]
[WhiteTeam "Srbobran"]
[BlackTeam "Belgrade Cukaricki"]
[WhiteTeamCountry "SRB"]
[BlackTeamCountry "SRB"]

1. d4 Nf6 2. Nf3 g6 3. g3 Bg7 4. Bg2 0-0 5. 0-0 d5 6. Nbd2 c5 7. dxc5 Nc6 8. c3 e5 9. b4 Qc7 10. a3 a5 11. Bb2 e4 12. Nd4 Ng4 13. N2b3 a4 14. Nxc6 bxc6 15. Nd4 h5 16. c4 e3 17. f4 dxc4 18. Qc1 Bb7 19. Qxc4 Ba6 20. Qc2 Rfd8 21. Nf3 Bxb2 22. Qxb2 Bc4 23. h3 Nh6 24. Qe5 Rac8 25. Qxc7 Rxc7 26. Ne5 Bxe2 27. Nxc6 Rd2 28. Rfe1 Nf5 29. g4 Nh4 30. Bh1 Rxc6 31. Bxc6 Bf3 32. b5 Bxc6 0-1

[Event "Belgrade-chT Quality"]
[Site "Belgrade"]
[Date "2016.10.25"]
[Round "9.3"]
[White "Guzijan, Miodrag"]
[Black "Markovic, Misa"]
[Result "0-1"]
[WhiteElo "2311"]
[BlackElo "2319"]
[PlyCount "92"]
[EventDate "2016.10.01"]
[EventType "team-tourn"]
[EventRounds "11"]
[EventCountry "SRB"]
[SourceTitle "EXT 2018"]
[Source "ChessBase"]
[SourceDate "2017.10.13"]
[SourceVersion "1"]
[SourceVersionDate "2017.10.13"]
[SourceQuality "1"]

1. d4 d5 2. Bf4 Nf6 3. e3 e6 4. Bd3 c5 5. Nf3 c4 6. Be2 Be7 7. h3 0-0 8. Nbd2 b5 9. c3 Bb7 10. Qc2 Nbd7 11. Ne5 Nxe5 12. Bxe5 Bd6 13. f4 Bxe5 14. dxe5 Nd7 15. Nf3 Qb6 16. Nd4 f6 17. exf6 Nxf6 18. Bf3 Rae8 19. 0-0-0 b4 20. cxb4 Qxb4 21. Qc3 Qa4 22. Kb1 Nd7 23. g4 Nc5 24. Rd2 Nd3 25. Bd1 Qa6 26. Bc2 Nc5 27. Rhd1 Qb6 28. Ka1 Rf7 29. Nf3 Rc7 30. Ng5 h6 31. Nf3 Bc6 32. Bg6 Rb8 33. Nd4 Ba4 34. Rf1 Rbc8 35. Qa3 e5 36. Bc2 exd4 37. Bxa4 Nd3 38. Rb1 dxe3 39. Rxd3 cxd3 40. Qxd3 d4 41. Bb3+ Kh8 42. g5 Qd6 43. gxh6 Qxh6 44. Qxd4 e2 45. Qe3 Qg6 46. f5 Qxf5 0-1

[Event "Belgrade-chT Quality"]
[Site "Belgrade"]
[Date "2016.10.16"]
[Round "6.6"]
[White "Markovic, Misa"]
[Black "Popovic, Aleksandar M"]
[Result "0-1"]
[WhiteElo "2319"]
[BlackElo "2232"]
[PlyCount "114"]
[EventDate "2016.10.01"]
[EventType "team-tourn"]
[EventRounds "11"]
[EventCountry "SRB"]
[SourceTitle "EXT 2018"]
[Source "ChessBase"]
[SourceDate "2017.10.13"]
[SourceVersion "1"]
[SourceVersionDate "2017.10.13"]
[SourceQuality "1"]

1. e4 c5 2. Nf3 d6 3. d4 cxd4 4. Nxd4 Nf6 5. Nc3 a6 6. Nb3 e6 7. Be3 Nbd7 8. f4 b5 9. a3 Bb7 10. Bd3 g6 11. 0-0 Bg7 12. e5 dxe5 13. fxe5 Nxe5 14. Bc5 Rc8 15. Bb4 Nd5 16. Ba5 Nxc3 17. Bxc3 Qd5 18. Qe2 Rxc3 19. bxc3 Nxd3 20. Rad1 Qe5 21. Qxd3 0-0 22. c4 Be4 23. Qe2 Rc8 24. Rfe1 Rxc4 25. Rd8+ Bf8 26. Nd2 Rd4 27. Rxf8+ Kxf8 28. Nxe4 Rc4 29. Qd3 Kg7 30. Re2 Ra4 31. Re3 Qa1+ 32. Kf2 Rc4 33. Rf3 Qe5 34. Nd6 Rf4 35. h3 Rd4 36. Nxf7 Qc5 37. Qc3 Qxc3 38. Rxc3 Kxf7 39. Ke3 Ra4 40. Kd2 h5 41. Kc1 Kf6 42. Kb2 g5 43. g3 h4 44. gxh4 Rxh4 45. Rc6 Rxh3 46. Rxa6 g4 47. Ra8 Rh5 48. Rf8+ Ke5 49. c4 bxc4 50. a4 g3 51. a5 Rg5 52. a6 g2 53. a7 g1Q 54. a8Q Qb6+ 55. Kc2 Qb3+ 56. Kd2 Qd3+ 57. Ke1 Qe3+ 0-1

[Event "Belgrade tt Cup"]
[Site "Belgrade"]
[Date "2015.04.21"]
[Round "2.2"]
[White "Markovic, Misa"]
[Black "Stamatovic, Aleksandar"]
[Result "1/2-1/2"]
[WhiteElo "2323"]
[BlackElo "2178"]
[PlyCount "96"]
[EventDate "2015.04.20"]
[EventType "team-swiss"]
[EventRounds "5"]
[EventCountry "SRB"]
[SourceTitle "CBM 166 Extra"]
[Source "ChessBase"]
[SourceDate "2015.06.18"]
[SourceVersion "1"]
[SourceVersionDate "2015.06.18"]
[SourceQuality "1"]
[WhiteTeam "Cukaricki"]
[BlackTeam "Bogoslov"]
[WhiteTeamCountry "SRB"]
[BlackTeamCountry "SRB"]

1. e4 d5 2. e5 c5 3. f4 Nc6 4. Nf3 Qb6 5. c4 d4 6. Be2 Bf5 7. Nh4 Bxb1 8. Rxb1 0-0-0 9. d3 e6 10. 0-0 Be7 11. Qe1 g6 12. a3 h5 13. Nf3 Nh6 14. Bd1 Nf5 15. Bd2 Rd7 16. b4 Qd8 17. Ba4 cxb4 18. Bxc6 bxc6 19. Qe4 Qb6 20. Bxb4 Bc5 21. Rb3 Rc7 22. Rfb1 Kd7 23. Qe1 Bxb4 24. axb4 Ra8 25. c5 Qb5 26. h3 a5 27. g4 hxg4 28. hxg4 a4 29. Ra3 Ne7 30. Nxd4 Qb8 31. Qd1 Nd5 32. b5 cxb5 33. c6+ Rxc6 34. Nxc6 Kxc6 35. Qc2+ Kd7 36. Qc5 b4 37. d4 Qc7 38. Qb5+ Qc6 39. Rxb4 Nxb4 40. Qxb4 Ra7 41. Rc3 Rb7 42. Qa3 Qa6 43. Kf2 Rb1 44. Kg3 g5 45. fxg5 Rg1+ 46. Kh4 Rh1+ 47. Kg3 Rg1+ 48. Kh4 Rh1+ 1/2-1/2

[Event "Belgrade Trophy 28th"]
[Site "Belgrade"]
[Date "2014.11.30"]
[Round "7"]
[White "Markovic, Misa"]
[Black "Skare, Goran"]
[Result "0-1"]
[WhiteElo "2223"]
[BlackElo "2300"]
[PlyCount "52"]
[EventDate "2014.11.24"]
[EventType "swiss"]
[EventRounds "9"]
[EventCountry "SRB"]
[SourceTitle "CBM 163 Extra"]
[Source "ChessBase"]
[SourceDate "2014.12.23"]
[SourceVersion "1"]
[SourceVersionDate "2014.12.23"]
[SourceQuality "1"]

1. e4 e6 2. d4 d5 3. Nc3 Bb4 4. e5 Ne7 5. a3 Bxc3+ 6. bxc3 c5 7. Qg4 Qc7 8. Qxg7 Rg8 9. Qxh7 cxd4 10. Kd1 Nbc6 11. Nf3 dxc3 12. Bf4 Qb6 13. Be3 d4 14. Bg5 Bd7 15. Bd3 0-0-0 16. h4 Rdf8 17. Qe4 Nd5 18. g4 Qc7 19. Re1 f5 20. exf6 Nxf6 21. Bxf6 Rxf6 22. Nxd4 Rf4 23. Qh7 Rfxg4 24. Nb5 Qf4 25. Nxc3 Qf6 26. Kd2 Rh8 0-1

[Event "Belgrade-chT"]
[Site "Belgrade"]
[Date "2014.11.03"]
[Round "11"]
[White "Markovic, Misa"]
[Black "Becelic, Dejan"]
[Result "1-0"]
[WhiteElo "2223"]
[BlackElo "2124"]
[PlyCount "49"]
[EventDate "2014.10.04"]
[EventType "team-tourn"]
[EventRounds "13"]
[EventCountry "SRB"]
[SourceTitle "EXT 2015"]
[Source "ChessBase"]
[SourceDate "2014.11.20"]
[SourceVersion "1"]
[SourceVersionDate "2014.11.20"]
[SourceQuality "1"]

1. e4 e5 2. Nc3 Nf6 3. f4 d5 4. fxe5 Nxe4 5. Nf3 Nc6 6. d3 Nxc3 7. bxc3 Be7 8. d4 0-0 9. Bd3 f6 10. exf6 Bxf6 11. 0-0 Bg4 12. Ba3 Re8 13. Qd2 Bxf3 14. Rxf3 Nxd4 15. Rh3 h6 16. Rg3 g5 17. Qf2 c5 18. Rf1 Re6 19. Bxc5 Nc6 20. Qf5 Qd7 21. Re3 Rae8 22. Qg6+ Qg7 23. Qxe8+ Rxe8 24. Rxe8+ Kf7 25. Rf8+ 1-0

[Event "Belgrade-chT"]
[Site "Belgrade"]
[Date "2014.11.02"]
[Round "10"]
[White "Rajkovic, Danilo"]
[Black "Markovic, Misa"]
[Result "0-1"]
[WhiteElo "2215"]
[BlackElo "2223"]
[PlyCount "78"]
[EventDate "2014.10.04"]
[EventType "team-tourn"]
[EventRounds "13"]
[EventCountry "SRB"]
[SourceTitle "EXT 2015"]
[Source "ChessBase"]
[SourceDate "2014.11.20"]
[SourceVersion "1"]
[SourceVersionDate "2014.11.20"]
[SourceQuality "1"]

1. Nf3 d5 2. d4 Nf6 3. c4 e6 4. Nc3 c6 5. e3 Nbd7 6. Qc2 Be7 7. Bd3 0-0 8. 0-0 c5 9. Rd1 cxd4 10. exd4 dxc4 11. Bxc4 Nb6 12. Bb3 Nbd5 13. Bg5 h6 14. Bh4 b6 15. Nxd5 Nxd5 16. Bxd5 exd5 17. Bxe7 Qxe7 18. Ne5 Qg5 19. Qd2 Qh4 20. Rac1 Bf5 21. f3 Rac8 22. g3 Qf6 23. Qf4 Rfe8 24. Rxc8 Rxc8 25. Rc1 Qe6 26. g4 Bg6 27. Qd2 Kh7 28. f4 Be4 29. Kf2 Rxc1 30. Qxc1 f6 31. f5 Qd6 32. Nf3 Bxf3 33. Kxf3 Qxh2 34. Qc6 h5 35. Qe6 hxg4+ 36. Kxg4 Qg2+ 37. Kf4 Qf2+ 38. Kg4 Qxd4+ 39. Kh5 Qf4 0-1

[Event "Belgrade-chT"]
[Site "Belgrade"]
[Date "2014.11.01"]
[Round "9"]
[White "Markovic, Misa"]
[Black "Mikicic, Dusan"]
[Result "1-0"]
[WhiteElo "2223"]
[BlackElo "2163"]
[PlyCount "69"]
[EventDate "2014.10.04"]
[EventType "team-tourn"]
[EventRounds "13"]
[EventCountry "SRB"]
[SourceTitle "EXT 2015"]
[Source "ChessBase"]
[SourceDate "2014.11.20"]
[SourceVersion "1"]
[SourceVersionDate "2014.11.20"]
[SourceQuality "1"]

1. e4 c5 2. Nf3 Nc6 3. Nc3 g6 4. d4 cxd4 5. Nxd4 Bg7 6. Nb3 Nf6 7. Be2 d6 8. Be3 0-0 9. Qd2 a6 10. Bh6 b5 11. f3 Re8 12. Bxg7 Kxg7 13. g4 Rh8 14. h4 h5 15. g5 Nd7 16. 0-0-0 Nde5 17. f4 Ng4 18. Bf3 Qe8 19. Nd5 Rb8 20. Qc3+ Kh7 21. e5 b4 22. Qe1 Ngxe5 23. fxe5 Nxe5 24. Be2 Bb7 25. Rf1 Bxd5 26. Rxd5 Qc6 27. Rxe5 dxe5 28. Rxf7+ Kg8 29. Rxe7 Rh7 30. Na5 Qd6 31. Bc4+ Kh8 32. Re6 Qc7 33. Nc6 Rf8 34. Qxe5+ Qxe5 35. Nxe5 1-0

[Event "Belgrade City-chT"]
[Site "Belgrade"]
[Date "2013.11.13"]
[Round "9"]
[White "Tasic, Zoran T"]
[Black "Markovic, Misa"]
[Result "0-1"]
[WhiteElo "2158"]
[BlackElo "2205"]
[PlyCount "66"]
[EventDate "2013.10.26"]
[EventType "team-tourn"]
[EventRounds "11"]
[EventCountry "SRB"]
[SourceTitle "EXT 2015"]
[Source "ChessBase"]
[SourceDate "2014.11.20"]
[SourceVersion "1"]
[SourceVersionDate "2014.11.20"]
[SourceQuality "1"]

1. d4 Nf6 2. Nf3 g6 3. Bf4 Bg7 4. e3 Nh5 5. Be5 f6 6. g4 fxe5 7. gxh5 e4 8. Nfd2 d5 9. h4 e5 10. dxe5 Bxe5 11. c3 Be6 12. Nb3 Nd7 13. Nd4 Bf7 14. Bh3 Qe7 15. Qa4 c6 16. b4 Bf6 17. Nd2 Ne5 18. Ke2 Bxh4 19. Rhf1 g5 20. Kd1 Bxh5+ 21. Kc2 0-0 22. Nf5 Rxf5 23. Bxf5 Rf8 24. Bh3 Be2 25. Qxa7 Bxf1 26. Rxf1 Bxf2 27. Nb3 Nc4 28. Rxf2 Rxf2+ 29. Kb1 Qc7 30. Qa8+ Rf8 31. Qa7 Qg3 32. Be6+ Kh8 33. Qd4+ Qe5 0-1

[Event "Belgrade City-chT"]
[Site "Belgrade"]
[Date "2013.11.12"]
[Round "8"]
[White "Markovic, Misa"]
[Black "Stamatovic, Aleksandar"]
[Result "1/2-1/2"]
[WhiteElo "2205"]
[BlackElo "2156"]
[PlyCount "125"]
[EventDate "2013.10.26"]
[EventType "team-tourn"]
[EventRounds "11"]
[EventCountry "SRB"]
[SourceTitle "EXT 2015"]
[Source "ChessBase"]
[SourceDate "2014.11.20"]
[SourceVersion "1"]
[SourceVersionDate "2014.11.20"]
[SourceQuality "1"]

1. e4 d5 2. exd5 Nf6 3. d4 Nxd5 4. c4 Nb4 5. Qa4+ N8c6 6. a3 Bd7 7. axb4 Nxd4 8. Qd1 e5 9. Nf3 Bxb4+ 10. Bd2 Qe7 11. Nxd4 exd4+ 12. Qe2 Be6 13. Bxb4 Qxb4+ 14. Qd2 Qe7 15. Qxd4 Rd8 16. Qe3 Qf6 17. Nc3 0-0 18. Be2 Rfe8 19. Ne4 Qxb2 20. 0-0 Bf5 21. Rad1 Qe5 22. Rxd8 Rxd8 23. Ng3 Qxe3 24. fxe3 Be6 25. Ne4 h6 26. Nc5 Bc8 27. Bh5 g6 28. Bf3 b6 29. Ne4 Kg7 30. Nc3 Rd3 31. Bd5 f5 32. Nb5 Rxe3 33. Nxc7 Re7 34. Nb5 Bb7 35. Ra1 a6 36. Nc3 Bc8 37. Rb1 b5 38. cxb5 axb5 39. Rxb5 Rc7 40. Rb3 Rc5 41. Kf2 Kf6 42. Ke3 Ke5 43. Bf3 g5 44. Na4 Ra5 45. Nb2 Ba6 46. Nd3+ Bxd3 47. Kxd3 g4 48. Bc6 h5 49. h4 gxh3 50. gxh3 Kf4 51. Kd4 Kg5 52. Rg3+ Kh4 53. Rf3 Kg5 54. Bd5 Ra1 55. Ke5 Re1+ 56. Kd6 f4 57. Be6 Re3 58. h4+ Kxh4 59. Rxf4+ Kg5 60. Ke7 Ra3 61. Rf1 h4 62. Rg1+ Rg3 63. Rf1 1/2-1/2

[Event "Belgrade-chT"]
[Site "Belgrade"]
[Date "2012.10.12"]
[Round "11.2"]
[White "Sarenac, Ivan"]
[Black "Markovic, Misa"]
[Result "0-1"]
[WhiteElo "2377"]
[BlackElo "2188"]
[PlyCount "108"]
[EventDate "2012.10.01"]
[EventType "team-tourn"]
[EventRounds "11"]
[EventCountry "SRB"]
[SourceTitle "CBM 150 Extra"]
[Source "ChessBase"]
[SourceDate "2012.10.19"]
[SourceVersion "1"]
[SourceVersionDate "2012.10.19"]
[SourceQuality "1"]
[WhiteTeam "Belgrade Delfin"]
[BlackTeam "Belgrade Cukaricki"]
[WhiteTeamCountry "SRB"]
[BlackTeamCountry "SRB"]

1. e4 e5 2. Nf3 Nc6 3. Bb5 Nf6 4. Nc3 Bc5 5. 0-0 d6 6. d4 exd4 7. Nxd4 Bd7 8. Bxc6 bxc6 9. Bg5 h6 10. Bxf6 Qxf6 11. Nb3 Bb6 12. a4 a5 13. Qd3 0-0 14. Rad1 Rae8 15. Nd2 Bg4 16. Rde1 Qg5 17. Kh1 f5 18. f4 Qh4 19. Nf3 Qh5 20. Nd4 fxe4 21. Nxe4 Bd7 22. c4 d5 23. Ng3 dxc4 24. Qc2 Qd5 25. Rxe8 Rxe8 26. Nf3 Qd3 27. Qxd3 cxd3 28. Rd1 Re3 29. Nf1 Re2 30. Rxd3 Bf5 31. Rd8+ Kh7 32. Ng3 Rxb2 33. h3 Be6 34. Ne4 Bd5 35. Re8 Rb4 36. Nfd2 Rxa4 37. f5 Ra2 38. Re7 Kg8 39. f6 gxf6 40. Nxf6+ Kf8 41. Rd7 Bd4 42. Nde4 Bxe4 43. Rxd4 Bxg2+ 44. Kh2 Kf7 45. Rf4 Ke6 46. Kg3 a4 47. Ng4 Bd5 48. Rf6+ Ke7 49. Rxh6 a3 50. Ne3 Ra1 51. Nf5+ Kd7 52. Rh7+ Kc8 53. Ne7+ Kb7 54. Kh4 a2 0-1

[Event "Belgrade-chT"]
[Site "Belgrade"]
[Date "2012.10.07"]
[Round "6.1"]
[White "Markovic, Misa"]
[Black "Kocic, Sasa"]
[Result "1-0"]
[WhiteElo "2188"]
[BlackElo "2232"]
[PlyCount "91"]
[EventDate "2012.10.01"]
[EventType "team-tourn"]
[EventRounds "11"]
[EventCountry "SRB"]
[SourceTitle "CBM 150 Extra"]
[Source "ChessBase"]
[SourceDate "2012.10.19"]
[SourceVersion "1"]
[SourceVersionDate "2012.10.19"]
[SourceQuality "1"]
[WhiteTeam "Belgrade Cukaricki"]
[BlackTeam "Obilic"]
[WhiteTeamCountry "SRB"]
[BlackTeamCountry "SRB"]

1. e4 c5 2. Nf3 d6 3. d4 cxd4 4. Nxd4 Nf6 5. Nc3 e6 6. Be3 a6 7. f4 Be7 8. Nb3 Qc7 9. Bd3 Nbd7 10. 0-0 b5 11. a3 Bb7 12. Qe2 0-0 13. f5 Rae8 14. Nd4 Bd8 15. Rad1 e5 16. Nb3 d5 17. Bf2 Qc6 18. Rfe1 Bb6 19. Nxd5 Nxd5 20. exd5 Qxd5 21. Bxb6 Nxb6 22. f6 e4 23. Qg4 g6 24. Be2 Qe5 25. Qh4 Rc8 26. c3 Nd5 27. Rf1 Kh8 28. Rd4 Rfe8 29. c4 bxc4 30. Bxc4 e3 31. Bxd5 Bxd5 32. Qh6 Rg8 33. Rh4 Qh5 34. Rxh5 gxh5 35. g3 Rc2 36. Rf5 Rg2+ 37. Kf1 e2+ 38. Ke1 Bc4 39. Re5 Rg1+ 40. Kd2 Rd1+ 41. Kc3 Bb5 42. a4 Rc8+ 43. Kb4 Rc4+ 44. Ka5 Rxa4+ 45. Kb6 Rd6+ 46. Kc5 1-0

[Event "Belgrade-chT Quality"]
[Site "Belgrade"]
[Date "2011.11.04"]
[Round "11"]
[White "Josipovic, Dragan"]
[Black "Markovic, Misa"]
[Result "0-1"]
[WhiteElo "2127"]
[BlackElo "2204"]
[PlyCount "44"]
[EventDate "2011.10.15"]
[EventType "team-swiss"]
[EventRounds "11"]
[EventCountry "SRB"]
[SourceTitle "EXT 2012"]
[Source "ChessBase"]
[SourceDate "2011.11.24"]
[SourceVersion "1"]
[SourceVersionDate "2011.11.24"]
[SourceQuality "1"]

1. e4 e5 2. f4 d5 3. exd5 c6 4. Nc3 cxd5 5. fxe5 d4 6. Ne4 Qd5 7. Bd3 Nc6 8. Nf3 Bg4 9. Qe2 Nxe5 10. Bb5+ Kd8 11. 0-0 Nf6 12. Nxf6 gxf6 13. c4 Qe6 14. Qf2 Bxf3 15. gxf3 Rg8+ 16. Kh1 Qh3 17. c5 Bxc5 18. b4 Bd6 19. Bb2 Nxf3 20. Bxd4 Bxh2 21. Bxf6+ Kc8 22. Qxf3 Bg3+ 0-1